000 01457cam a2200337 a 4500
999 _c4119
_d4119
001 726643
003 OSt
005 20220318072408.0
008 980609s2000 nyua 001 0 eng
010 _a 98028588
020 _a0385486057
040 _aDLC
_cALUPE UNIVERSITY
_dDLC
050 0 0 _aRC263
_b.C646 2000
082 0 0 _a616.99/4
_221
100 1 _aTeeley, Peter.
245 1 4 _aThe complete cancer survival guide :
_bthe most comprehensive, up-to-date guide for patients and their families : with advice from dozens of leading cancer specialists at more than 30 major cancer centers /
_cPeter Teeley and Philip Bashe.
246 3 0 _aCancer survival guide
250 _a1st ed.
260 _aNew York :
_bDoubleday,
_c2000.
300 _axx, 972 p. :
_bill. ;
_c24 cm.
500 _aIncludes index.
650 0 _aCancer
_vPopular works.
700 1 _aBashe, Philip.
856 4 2 _3Contributor biographical information
_uhttp://www.loc.gov/catdir/bios/random058/98028588.html
856 4 1 _3Sample text
_uhttp://www.loc.gov/catdir/samples/random041/98028588.html
856 4 2 _3Publisher description
_uhttp://www.loc.gov/catdir/description/random041/98028588.html
906 _a7
_bcbc
_corignew
_d1
_eocip
_f19
_gy-gencatlg
942 _2lcc
_cBK
_nDO